EA FC26 All Gold Poland Players - Statistics

General Stats
  • This quiz has been taken 41 times
  • The average score is 9 of 16
Answer Stats
Rate Club Answer % Correct
88 Barcelona Robert Lewandowski
100%
80 Inter Piotr Zielinski
94%
84 Barcelona Wojciech Szczesny
92%
79 Aston Villa Matty Cash
86%
79 Juventus Arkadiusz Milik
83%
78 Fenerbahce Sebastian Szymanski
75%
77 FC Porto Jakub Kiwior
69%
79 Wolfsburg Kamil Grabara
67%
79 Bologna Lukasz Skorupski
56%
79 Neom Marcin Bulka
53%
75 Stade Rennais Przemyslaw Frankowski
47%
75 Feyenoord Jakub Moder
36%
76 Panathinaikos Bartlomiej Dragowski
33%
75 PAOK Tomasz Kedziora
25%
77 Stade Brest Radoslaw Majecki
22%
76 Atalanta Nicola Zalewksi
3%
No matching quizzes found
Score Distribution
Percent of People with Each Score
Percentile by Number Answered
Your Score History
You have not taken this quiz